Statistiques concernant Focus sur: Pansy Parkinson - Harry Potter

Cliquez ici pour prendre le quiz!

Statistiques générales

  • Ce quiz a été pris 288 fois
  • Le résultat moyen est 5 sur 8

Statistiques - réponses

Informations recherchéesRéponses% Correct
Lieu de rencontre avec Harry PotterPoudlard
100%
Ecole fréquentéePoudlard
100%
Statut du sangSang-Pur
99%
Maison fréquentéeSerpentard
99%
Première apparitionHarry Potter à l'école des sorciers
96%
Actrice l'interprétant dans les filmsGenevieve Gaunt
21%
Actrice l'interprétant dans les filmsScarlett Byrne
18%
Actrice l'interprétant dans les filmsLauren Shotton
14%

Distribution des résultats

Percentile par nombre de réponses

% des personnes avec chaque résultat

Votre développement - résultats

Vous n’avez pas pris ce quiz